| 000 | 00408nam a2200133Ia 4500 | ||
|---|---|---|---|
| 008 | 211109s9999||||xx |||||||||||||| ||und|| | ||
| 082 |
_a894.8124 _bVAS-E |
||
| 100 | _aVasudevan Nair, M T | ||
| 245 | 0 | _aEkaakikalude Sabdam | |
| 260 |
_bSahityapravarthaka Sangom _aKottayam _c1997 |
||
| 630 | _xGeneral stack | ||
| 650 |
_aMalayalam literature _vMalayalam essays _xLiterature & rhetoricMalayalam |
||
| 942 | _cBOOK | ||
| 999 |
_c51572 _d51572 |
||